Lanean...

Thareehul adabil arabiyy /

Xehetasun bibliografikoak
Beste egile batzuk: Azayyath,, Ahmed Hassan
Formatua: Printed Book
Hizkuntza:Arabic
Argitaratua: Beirut: Dar-Al-Marefah, 2009.
Gaiak:
LEADER 00564cam a2200181ua 4500
008 120203t2009||||||||||| 00 ||ara c
041 0 |a ara 
082 |a A 892.709  |b AZA/T 
245 1 0 |a Thareehul adabil arabiyy /  
260 |a Beirut:  |b Dar-Al-Marefah,  |c 2009. 
300 |a 407p.. 
362 1 |a 2009. 
650 |a Literature 
650 0 |a Arabic literature-history 
700 0 2 |a Azayyath,, Ahmed Hassan 
942 |c BK 
999 |c 26644  |d 26644 
952 |0 0  |1 0  |4 0  |6 A_892_709000000000000_AZA  |7 0  |9 28395  |a KUCL  |b KUCL  |d 2014-05-23  |l 0  |o A 892.709 AZA/  |p 28257  |r 2014-05-23  |w 2014-05-23  |y BK